【サドンデス】現存するJRの正式鉄道路線名 - Statistics

General Stats
  • This quiz has been taken 4,423 times
  • The average score is 7 of 25
Answers on the Grid
Answers color-coded by a green-red scale on the quiz's grid according to % correct below.
篠粟線
ゆめ咲線
高崎線
成田線
神戸線
篠之井線
赤羽線
万葉線
瀬戸大橋線
呉線
津山線
九州本線
出雲線
名古屋線
磐越西線
津軽線
遠軽線
豊肥本線
筑後線
播伯線
伊東線
大阪空港線
宮崎空港線
博多南線
唐津線
岩徳線
渡島線
京浜東北線
和田岬線
長野線
石狩本線
日高本線
花輪線
東金線
桜井線
野田線
日南線
越美南線
東西線
和歌山線
新湊線
左沢線
下田線
姫新線
中央東線
城瑞線
境線
長野新幹線
東海道新幹線
西九州新幹線
 
Answer Stats
Answer % Correct
東海道新幹線
36%
成田線
33%
西九州新幹線
33%
伊東線
32%
日高本線
32%
高崎線
31%
磐越西線
31%
呉線
30%
豊肥本線
29%
左沢線
29%
宮崎空港線
28%
東金線
28%
姫新線
28%
和歌山線
27%
岩徳線
26%
花輪線
26%
赤羽線
25%
津山線
25%
津軽線
24%
博多南線
24%
日南線
22%
桜井線
21%
唐津線
20%
境線
18%
新湊線
9%
No matching quizzes found
Score Distribution
Percent of People with Each Score
Percentile by Number Answered
Your Score History
You have not taken this quiz